000
00285nam a2200121Ia 4500
008
231011s9999 xx 000 0 und d
041
_a
eng
100
_a
Gladwell Malcolm
245
_a
The Tipping Point
260
_b
Abacus Publication London
_c
2010
300
_a
279
365
_b
236
999
_c
895669
_d
895669